Pub Quiz Round 1 - General Knowledge - Statistics

General Stats
  • This quiz has been taken 3,344 times
  • The average score is 6 of 20
Answer Stats
Question Answer % Correct
2 Which American state is nearest to the former Soviet Union? Alaska
89%
7 Which US state is named on the label of a Jack Daniels bottle? Tennessee
73%
19 Is the human large intestine or small intestine longer? Small intestine
69%
17 In which country would you find Shinjuku railway station? Japan
60%
4 What is the third major Balearic Island with Majorca and Minorca? Ibiza
51%
12 How many feet are there in a fathom? Six
31%
1 Which singer joined Mel Gibson in the movie Mad Max: Beyond The Thunderdome? Tina Turner
31%
14 How often does a ‘vicennial’ event occur? Once every 20 years
30%
16 Which ‘birthstone’ is associated with the month of September? Sapphire
27%
3 At which battle of 1314 did Robert The Bruce defeat the English forces? Bannockburn
19%
18 What does an anemometer measure? Wind Speed
18%
9 In the human body what is the hallux? Big Toe
13%
20 According to the Chinese zodiac the year commencing on 28th January 2017 will be the year of which animal? Rooster
13%
13 Raspberry and blackberry are combined to make which hybrid fruit? Loganberry
11%
8 Nariyal is the Indian term for which nut? Coconut
9%
11 Which country is known as the Pearl of Africa? Uganda
9%
10 In which year were premium bonds first issued in Britain? 1956
7%
6 Which musical featured the song They Called The Wind Mariah? Paint Your Wagon
5%
5 Which school featured in UK TV's 'Please Sir'? Fenn Street
3%
15 In computing terms, what does AGP stand for? Accelerated Graphics Port
2%
No matching quizzes found
Score Distribution
Percent of People with Each Score
Percentile by Number Answered
Your Score History
You have not taken this quiz